| 000 | 00815nam a2200229 u 4500 | ||
|---|---|---|---|
| 005 | 20210223130728.0 | ||
| 008 | 081013s1994 r 000 0 eng d | ||
| 020 | _a9686954228 | ||
| 035 | _aUPN01000163370 | ||
| 049 | _aUNE | ||
| 080 | _a342.7 -054.5 (72) "1994" COS. | ||
| 245 | 0 | 0 |
_aCostumbres jurídicas de los indígenas en México / _ccoord. por Walter Beller Taboada. |
| 260 |
_aMéxico : _bCNDH, _c1994. |
||
| 300 |
_a117 p. : _bil. |
||
| 500 | _aIncluye bibliografía | ||
| 690 | _aDerechos humanos - Grupos étnicos - México | ||
| 690 | _aPoblaciones indígenas - Derechos humanos - México | ||
| 690 | _aMéxico - Derechos humanos - Poblaciones indígenas | ||
| 700 | 1 |
_aBeller Taboada, Walter, _ecoord. |
|
| 710 | 2 |
_aComisión Nacional de Derechos Humanos (México) _927969 |
|
| 905 | _aUNESCO | ||
| 999 |
_c135483 _d135483 |
||